Liderazgo práctico: principios y aplicaciones (Registro nro. 3759)

Detalles MARC
000 -Cabecera
Campo de control de longitud fija 01289aam a2200445 4500
005 - Fecha y hora de la última transacción
Campo de control 20250820143753.0
008 - Elementos de longitud fija--Información general
Campo de control de longitud fija 150309b xxu||||| |||| 00| 0 spa d
020 ## - International Standard Book Number
Número Internacional Estándar del Libro (ISBN) 97024065110
041 ## - Idioma
Código de idioma Español
082 ## - Clasificación Decimal Dewey
Número de clasificación 658.409 2 S561l
100 ## - Entrada principal--Autor personal
Nombre personal Shriberg, Arthur
9 (RLIN) 15912
100 ## - Entrada principal--Autor personal
Nombre personal Shriberg, David
9 (RLIN) 15913
100 ## - Entrada principal--Autor personal
Nombre personal Lloyd, Carol
9 (RLIN) 15914
245 ## - Título propiamente dicho
Título Liderazgo práctico: principios y aplicaciones
260 ## - Pie de imprenta
Lugar de publicación, distribución, etc. México
260 ## - Pie de imprenta
Nombre del editor, distribuidor, etc. Continental
260 ## - Pie de imprenta
Fecha de publicación, distribución, etc. 2004
300 ## - Descripción física
Extensión 310 páginas
490 ## - Serie
Título de la Serie Dirección y Administración de empresas
650 ## - Materia general
Temática (materia general) LIDERAZGO EJECUTIVO
650 ## - Materia general
Temática (materia general) MOTIVACIÓN
650 ## - Materia general
Temática (materia general) MÉTODOS PARA ENMARCAR EL LIDERAZGO
650 ## - Materia general
Temática (materia general) TEORIAS DE LA MOTIVACIÓN
650 ## - Materia general
Temática (materia general) TRABAJO EN EQUIPO
650 ## - Materia general
Temática (materia general) COMUNICACIÓN
650 ## - Materia general
Temática (materia general) TIPOS DE COMUNICACIÓN
650 ## - Materia general
Temática (materia general) TEORÍAS DE LA MOTIVACIÓN
650 ## - Materia general
Temática (materia general) INTEGRACIÓN DE EQUIPOS
650 ## - Materia general
Temática (materia general) COMUNICACIONES
650 ## - Materia general
Temática (materia general) LIDERAZGO CARISMATICO
650 ## - Materia general
Temática (materia general) ANTROPOLOGÍA CULTURAL
650 ## - Materia general
Temática (materia general) BIOGRAFÍAS DE LIDERAZGO
650 ## - Materia general
Temática (materia general) PRÁCTICA DEL LIDERAZGO
650 ## - Materia general
Temática (materia general) SOCIEDAD MULTICULTURAL
650 ## - Materia general
Temática (materia general) CONDUCTA
650 ## - Materia general
Temática (materia general) LIDERAZGO MULTICULTURAL
650 ## - Materia general
Temática (materia general) MASLOW, ABRAHAM
650 ## - Materia general
Temática (materia general) TEORÍA DE LAS NECESIDADES
942 ## - Punto de acceso adicional KOHA
Tipo de ítem KOHA Libro
Fuente del sistema de clasificación o colocación Dewey Decimal Classification
Existencias
Signatura completa Código de barras Programa Académico Tipo de ítem
658.409 2 S561l 12604 Dirección y Administración de Empresas Libro